000 00757nam a22002175i 4500
001 168174
003 ES-MaACL
005 20250717013103.0
008 051006q19001910sp | |||||||| ||spa d
040 _aCAM
_bspa
_cCAM
100 1 _aZola, Émile,
_d1840-1902
_9118331
245 1 2 _aL'assommoir (La taberna) /
_cpor Emilio Zola; traducción de Amancio Peratoner.
250 _a3ª ed.
260 _aBarcelona :
_bCasa Editorial Maucci ;
_aBuenos Aires :
_bMaucci Hermanos,
_c[s.a.]
300 _a2 v. (272; 232 p.) ;
_c19 cm.
596 _aLa primera ed. impresa en 1900.
700 1 _aPeratoner, Amancio,
_etrad.
_990399
752 _aEspaña -
_dBarcelona
852 _aES-MaACL
_jF-10039-10040
_z-- Enc. hol.
999 _c168174
_d168174